Countries the Furthest from Mt. Everest - Statistics

General Stats
  • This quiz has been taken 20 times
  • The average score is 9 of 10
Answer Stats
# Country % Correct
4 Chile
100%
7 Argentina
93%
3 Columbia
93%
1 Ecuador
93%
2 Peru
93%
5 Bolivia
86%
6 Brazil
86%
8 Panama
79%
10 Venezuela
79%
9 Costa Rica
64%
No matching quizzes found
Score Distribution
Percent of People with Each Score
Percentile by Number Answered
Your Score History
You have not taken this quiz